| 000 | 00364pab a2200145 454500 | ||
|---|---|---|---|
| 008 | 180718b2001 xxu||||| |||| 00| 0 eng d | ||
| 100 | _aPalnaik, Prabhat | ||
| 245 | _aAlternative paradigms of economic decentralisation | ||
| 260 | _c2001 | ||
| 300 | _ap.48-59 | ||
| 362 | _aSep-Oct | ||
| 650 | _aDecentralization | ||
| 773 | _aSocial Scientist | ||
| 909 | _a50648 | ||
| 999 |
_c50648 _d50648 |
||